000 01038nam a22003497a 4500
001 BR2010002068
003 BR-BrBNA
005 20230928103254.0
007 ta
008 230509b bl.||||| |||| 00| 0 por d
040 _aBR-BrBNA
_bpor
_cBiblioteca Nacional de Agricultura
041 _a(Por)
072 _aL70
_b8830
_b1123
090 _ 8830 BR2010002068
100 1 _aLima, H.M.
110 1 _aUniversidade Federal de Lavras, MG (Brasil)
_0Tese (Doutorado)
245 1 _aFarinha da casca do maracujá associada ao exercício físico no controle da lipidemia de ratas
260 3 _aLavras, MG (Brasil):
_c2008.
300 _a108 p.
500 _aummaries (Eng, Por); Several bibliography; 10 tables; 10 illus.
650 _aRATO
650 _aANIMAL DE LABORATÓRIO
650 _aMARACUJÁ
650 _aCASCA
650 _aFARINHA
650 _aDIETA
650 _aPROPRIEDADE FÍSICO-QUÍMICA
650 _aINGESTÃO
650 _aBIOQUÍMICA ANIMAL
909 _a202309
_bLucia
_c55
_dLucia Elande
942 _cBK
999 _c74384
_d74384